000 00612nam a22001817a 4500
999 _c7347
_d7347
003 OSt
005 20220208145434.0
008 211007b ||||| |||| 00| 0 eng d
020 _a9789251033043
040 _cDDC
082 _a1724 MAN 1994
100 _aHerenda, Drago Carl.
_915055
245 _aManual on meat inspection for developing countries
260 _aRome :
_bFood and Agriculture Organization of the United Nations,
_c1994
300 _axiv, 357 pages :
_bcolor illustrations ;
_c21 cm
650 _aMeat inspection -- Developing countries -- Handbooks, manuals, etc
_915056
942 _2ddc
_cBOOK